Princípy počítačov Riadiace jednotky. Pomocný učebný text
Uložené v:
| Hlavný autor: | |
|---|---|
| Médium: | Kniha |
| Jazyk: | Slovak |
| Vydavateľské údaje: |
Banská Bystrica
Pedagogická fakulta
1991
|
| Vydanie: | 1. vyd. |
| Predmet: | |
| Tagy: |
Žiadne tagy, Buďte prvý, kto otaguje tento záznam!
|
MARC
| LEADER | 00000nam a2200000 4500 | ||
|---|---|---|---|
| 001 | c002759 | ||
| 005 | 20221214094636.1 | ||
| 020 | |a 80-85162-23-7 | ||
| 041 | 0 | |a slo | |
| 044 | |a SK | ||
| 245 | 1 | 0 | |a Princípy počítačov |b Riadiace jednotky. Pomocný učebný text |c Ján Kolenička |
| 250 | |a 1. vyd. | ||
| 264 | 1 | |a Banská Bystrica |b Pedagogická fakulta |c 1991 | |
| 300 | |a 44 s. | ||
| 610 | 2 | 0 | |a počítače |
| 610 | 2 | 0 | |a syntéza systémov |
| 100 | 1 | |a Kolenička, Ján | |